000 00925nam a2200445Ia 4500
001 10838
003 21722
005 20240715093934.0
008 ||||||n9999 ||| || ||
041 _aspa
082 _221
_a658
100 _aMagee, John
_917890
245 0 _aSistemas de distribucion
260 _aBuenos Aires :
_bEl Ateneo,
_c1969.
300 _a212p
562 _e3
650 _aDISTRIBUCION
_96119
650 _aDISTRIBUCION DEL PRODUCTO
_915987
942 _cBKM
999 _c10838
_d10838
526 _a102617
526 _a102618
526 _a15794
526 _a102619
526 _a102620
526 _a10406
526 _a105630
526 _a1698
526 _a116204
526 _a4969
526 _a19790
526 _a104436
526 _a5144
526 _a51868
526 _a3899
526 _a9683
526 _a
526 _a1703
526 _a1697
526 _a17598